| 000 | 04604nam a2200529 a 4500 | ||
|---|---|---|---|
| 005 | 20071231103130.0 | ||
| 008 | 080901t xxu||||| |||| 00| j eng d | ||
| 010 | _aENG-90839 B-308467-481 | ||
| 020 |
_c115.00 _a9788126025466 |
||
| 035 | _aEN-74372 | ||
| 035 | _a B-308467-481 | ||
| 035 | _a B-358524 | ||
| 037 | _bDBAD / VEN | ||
| 037 | _bNorth India Publishers | ||
| 040 |
_adpl _bEnglish |
||
| 082 | _aS | ||
| 100 | _aDas, J.P. | ||
| 245 |
_aThe will and other stories / _cby J.P. Das;translated by Ashok K. Mohanty |
||
| 260 |
_aNew Delhi _bSahitya Akademi _c2007 |
||
| 270 |
_aRabindra Bhavan, 35, Ferozeshah Raod, _bNew Delhi _e110001 |
||
| 270 |
_aE 1/ 265 Sonia Vihar _bDelhi |
||
| 300 |
_ax, 201p. _c23 cm (Hb) |
||
| 500 | _astories translated from original Oriya | ||
| 600 | _aDas, J.P. 1936- | ||
| 650 |
_aShort stories, Oriya _xTranslation into English |
||
| 700 | _aMohanty, Ashok K. | ||
| 942 |
_2ddc _cEN _hS _mDAS |
||
| 999 |
_c15255 _d15255 |
||